=LDR 00000nam 2200000 4500 =001 INLIS000000000002273 =005 20130612090626 =008 ***********************************Ind** =035 ##$$0010-061300000002273 =041 ##$$a Ind =082 ##$$a 819.03 =090 ##$$a 813.03, Kal k =100 ##$$a kalis, Piet =245 ##$$a Kisah Belanda sepanjang zaman modern, Piet Kalis ; alih bahasa, Hazil Fansil =260 ##$$a 1979 $b Jakarta =300 ##$$a x, 122 hlm, ilus, 21 cm =650 ##$$a Kesusastraan Belanda-Kumpulan =850 ##$$a NBPNMAT